<?xml version="1.0" encoding="UTF-8"?><?xml-stylesheet type="text/xsl" href="static/style.xsl"?><OAI-PMH xmlns="http://www.openarchives.org/OAI/2.0/" xmlns:xsi="http://www.w3.org/2001/XMLSchema-instance" xsi:schemaLocation="http://www.openarchives.org/OAI/2.0/ http://www.openarchives.org/OAI/2.0/OAI-PMH.xsd"><responseDate>2026-04-14T15:17:32Z</responseDate><request verb="GetRecord" identifier="oai:uvadoc.uva.es:10324/32982" metadataPrefix="marc">https://uvadoc.uva.es/oai/request</request><GetRecord><record><header><identifier>oai:uvadoc.uva.es:10324/32982</identifier><datestamp>2021-06-29T23:12:01Z</datestamp><setSpec>com_10324_38</setSpec><setSpec>col_10324_852</setSpec></header><metadata><record xmlns="http://www.loc.gov/MARC21/slim" xmlns:doc="http://www.lyncode.com/xoai" xmlns:xsi="http://www.w3.org/2001/XMLSchema-instance" xmlns:dcterms="http://purl.org/dc/terms/" xsi:schemaLocation="http://www.loc.gov/MARC21/slim http://www.loc.gov/standards/marcxml/schema/MARC21slim.xsd">
<leader>00925njm 22002777a 4500</leader>
<datafield tag="042" ind1=" " ind2=" ">
<subfield code="a">dc</subfield>
</datafield>
<datafield tag="720" ind1=" " ind2=" ">
<subfield code="a">García Coca, Rebeca</subfield>
<subfield code="e">author</subfield>
</datafield>
<datafield tag="260" ind1=" " ind2=" ">
<subfield code="c">2018</subfield>
</datafield>
<datafield tag="520" ind1=" " ind2=" ">
<subfield code="a">El presente Trabajo Fin de Grado se centra en el desarrollo de un nuevo sistema de procesamiento de datos no estructurados que se publican diariamente en internet, para su tratamiento, consolidación y posterior análisis. En concreto, el desarrollo de este sistema surge por la necesidad de acceder, procesar y analizar los datos sobre sanciones o multas de tráfico que los organismos públicos (ayuntamientos y otras instituciones) están obligados a publicar en el Tablón Edictal Único del Boletín Oficial del Estado (BOE).&#xd;
En esta memoria se expone el diseño y los pasos seguidos en la implementación del sistema continuando con las pruebas de rendimiento y validación. Finalmente, se concluye con las conclusiones y futuras líneas.</subfield>
</datafield>
<datafield tag="024" ind2=" " ind1="8">
<subfield code="a">http://uvadoc.uva.es/handle/10324/32982</subfield>
</datafield>
<datafield tag="245" ind1="0" ind2="0">
<subfield code="a">Prospector de notificaciones administrativas de tráfico</subfield>
</datafield>
</record></metadata></record></GetRecord></OAI-PMH>